[Event "Titled Tuesday intern op 13th Aug Late"]
[Site "Chess.com INT"]
[Date "2024.08.13"]
[Round "6"]
[White "Sahakyan, Aleks"]
[Black "Hungaski, Robert Andrew"]
[Result "1-0"]
[WhiteElo "2287"]
[BlackElo "2471"]
[PlyCount "77"]
[EventDate "2024.08.13"]
[EventType "swiss (blitz)"]
[EventRounds "11"]
[EventCountry "USA"]
[SourceTitle "EXT 2025"]
[Source "ChessBase"]
[SourceDate "2024.10.14"]
[SourceVersion "1"]
[SourceVersionDate "2024.10.14"]
[SourceQuality "1"]

1. e4 e6 2. d4 d5 3. exd5 exd5 4. Nc3 Bb4 5. Bd3 c6 6. Nf3 Nf6 7. 0-0 0-0 8. Ne2 Bg4 9. Ng3 Nbd7 10. h3 Bxf3 11. Qxf3 Re8 12. Nf5 Bf8 13. Bg5 Re6 14. Rae1 Qe8 15. Rxe6 Qxe6 16. Ng3 g6 17. Bd2 Re8 18. Re1 Qxe1+ 19. Bxe1 Rxe1+ 20. Kh2 Bd6 21. c3 h5 22. h4 Ng4+ 23. Kh3 Ndf6 24. Nf1 Ne4 25. g3 Ngxf2+ 26. Kg2 Ng4 27. a4 a5 28. c4 Kg7 29. cxd5 cxd5 30. Bb5 Rb1 31. Qb3 Ngf6 32. Bd3 Rc1 33. Qxb7 Rd1 34. Qb3 Bb4 35. Qxd1 Ng4 36. Bxe4 dxe4 37. d5 e3 38. Qd4+ Kh7 39. Nxe3 1-0

[Event "Titled Tuesday intern op 13th Aug Early"]
[Site "Chess.com INT"]
[Date "2024.08.13"]
[Round "7"]
[White "Sahakyan, Aleks"]
[Black "Vokhidov, Shamsiddin"]
[Result "1-0"]
[WhiteElo "2287"]
[BlackElo "2643"]
[PlyCount "105"]
[EventDate "2024.08.13"]
[EventType "swiss (blitz)"]
[EventRounds "11"]
[EventCountry "USA"]
[SourceTitle "EXT 2025"]
[Source "ChessBase"]
[SourceDate "2024.10.14"]
[SourceVersion "1"]
[SourceVersionDate "2024.10.14"]
[SourceQuality "1"]

1. e4 c5 2. Nc3 Nc6 3. Bb5 Nd4 4. Nf3 a6 5. Bd3 g6 6. Nxd4 cxd4 7. Ne2 d5 8. 0-0 dxe4 9. Bxe4 Nf6 10. Bf3 Bg7 11. d3 0-0 12. Ng3 Qc7 13. Re1 e5 14. Bg5 Re8 15. Qd2 Be6 16. Bh6 Rac8 17. Bxg7 Kxg7 18. Qg5 Bd7 19. Rac1 h6 20. Qd2 Bc6 21. Bxc6 Qxc6 22. c4 dxc3 23. Rxc3 Qd5 24. Rxc8 Rxc8 25. h4 Qxa2 26. h5 Qd5 27. hxg6 fxg6 28. Qb4 Rc7 29. Qb6 Qc5 30. Qe6 Re7 31. Qb3 Rd7 32. Qe6 Re7 33. Qxf6+ Kxf6 34. Ne4+ Ke6 35. Nxc5+ Kd5 36. Nb3 Rc7 37. Rc1 Rxc1+ 38. Nxc1 a5 39. Kf1 b5 40. Ke2 a4 41. Kd2 b4 42. Na2 Kc5 43. Ke3 h5 44. Ke4 b3 45. Nc3 Kb4 46. Nb1 g5 47. f3 g4 48. fxg4 hxg4 49. Kxe5 g3 50. Kd4 Kb5 51. Nc3+ Kb4 52. Nxa4 Kxa4 53. Kc4 1-0

[Event "Titled Tuesday intern op 13th Aug Early"]
[Site "Chess.com INT"]
[Date "2024.08.13"]
[Round "6"]
[White "Sahakyan, Aleks"]
[Black "Williams, Simon Kim"]
[Result "1-0"]
[WhiteElo "2287"]
[BlackElo "2450"]
[PlyCount "39"]
[EventDate "2024.08.13"]
[EventType "swiss (blitz)"]
[EventRounds "11"]
[EventCountry "USA"]
[SourceTitle "EXT 2025"]
[Source "ChessBase"]
[SourceDate "2024.10.14"]
[SourceVersion "1"]
[SourceVersionDate "2024.10.14"]
[SourceQuality "1"]

1. e4 e6 2. d4 d5 3. exd5 exd5 4. Nc3 c6 5. Bd3 Bd6 6. Nf3 Bg4 7. h3 Qe7+ 8. Be3 Bh5 9. Qd2 Bxf3 10. gxf3 Nd7 11. 0-0-0 0-0-0 12. Bg5 f6 13. Rde1 Qf8 14. Bf4 Nb6 15. Re6 Bxf4 16. Qxf4 Ne7 17. Rhe1 Rd7 18. a4 Na8 19. Rxe7 Rxe7 20. Rxe7 1-0

[Event "Titled Tuesday intern op 13th Aug Late"]
[Site "Chess.com INT"]
[Date "2024.08.13"]
[Round "5"]
[White "Toktomushev, Teimur"]
[Black "Sahakyan, Aleks"]
[Result "0-1"]
[WhiteElo "2279"]
[BlackElo "2287"]
[PlyCount "54"]
[EventDate "2024.08.13"]
[EventType "swiss (blitz)"]
[EventRounds "11"]
[EventCountry "USA"]
[SourceTitle "EXT 2025"]
[Source "ChessBase"]
[SourceDate "2024.10.14"]
[SourceVersion "1"]
[SourceVersionDate "2024.10.14"]
[SourceQuality "1"]

1. d4 Nf6 2. c4 c5 3. d5 b5 4. cxb5 a6 5. bxa6 g6 6. Nc3 Bg7 7. e4 0-0 8. a7 Rxa7 9. Nf3 e6 10. Be2 exd5 11. exd5 d6 12. 0-0 Re8 13. Bc4 Bg4 14. Nb5 Rae7 15. h3 Bxf3 16. Qxf3 Re4 17. b3 Nbd7 18. Bg5 h6 19. Be3 Ne5 20. Qe2 Nh5 21. Rad1 Nf4 22. Qc2 Nf3+ 23. Kh1 Qh4 24. Bxf4 Qxf4 25. g3 Qf5 26. Kg2 Ng5 27. h4 Qh3+ 0-1